| 000 | 00741nam a2200229Ia 4500 | ||
|---|---|---|---|
| 003 | OSt | ||
| 005 | 20220918110922.0 | ||
| 006 | a|||||r|||| 00| 0 | ||
| 007 | ta | ||
| 008 | 220915b |||||||| |||| 00| 0 hin d | ||
| 024 | _a233200 | ||
| 037 | _cReference Collections | ||
| 040 |
_aARTS _cARTS _bhin |
||
| 041 |
_2hin _ahin |
||
| 082 | _aO152,6M80x, P3-.3(RR) | ||
| 100 | _aप्रेमचंद | ||
| 245 | 0 | _aप्रेमचंद के विचार | |
| 246 | _aPremachanda ke vichāra | ||
| 260 |
_aनई दिल्ली _bप्रकाशन संस्थान _c2003 |
||
| 942 |
_hO152,6M80x, P3-.3(RR) _cREF |
||
| 999 |
_c115739 _d115739 |
||